| 000 | 01195nam a2200301 i 4500 | ||
|---|---|---|---|
| 003 | EG-GICUC | ||
| 005 | 20260506095705.0 | ||
| 008 | 260506s1961 us ||||fr|||| 00| 0 eng d | ||
| 040 |
_aEG-GiCUC _beng _cEG-GiCUC _dEG-GiCUC _eRda |
||
| 041 | 0 | _aeng | |
| 082 | 0 | 4 |
_221 _a343.7691 _bCA |
| 092 | 0 | 4 | _221 |
| 099 | _aLaw1 10 343.7691 CA 1961 | ||
| 245 | 0 | 0 |
_aCalifornia laws relating to youthful offenders : _bthe Youth Authority Act, the Juvenile Court Law, 1977 legislative changes, and the Juvenile Court Rules / _cprepared by the Department of the Youth Authority of the State of California |
| 264 | 1 |
_aSacramento : _bDepartment of the Youth Authority, State of California, _c1961. |
|
| 300 |
_a127 page ; _c 24 cm. _billustration ; |
||
| 336 |
_2rda contenu _a texte |
||
| 337 |
_2rda medias _aOrdinateur |
||
| 338 |
_2 transporteur rda _a Ressource en ligne |
||
| 546 | _aTexte en français | ||
| 650 | 1 | 4 |
_aDroit pénal _2qrmak |
| 651 | 1 | _2qrmak | |
| 700 | 1 |
_aWylie, Richard E. _eContributor |
|
| 710 | _athe Department of the Youth Authority of the State of California. | ||
| 856 | 4 | 0 | _uhttps://fll.law.cu.edu.eg/fulltext/bks/B10-11377.pdf |
| 905 | _a74 | ||
| 942 |
_2ddc _n0 _cBK _e21 |
||
| 999 |
_c75937 _d75937 |
||